Biblioteca

"íNo se la dejéis a la serpiente...!" (Registro nro. 62919)

Detalles MARC
000 -LÍDER
Campo fijo de descripción fija 003000000a22001090004500
100 1# - ASIENTO PRINCIPAL--NOMBRE PERSONAL
Nombre personal Sánchez Cetina, Edesio
245 10 - TÍTULO
Título del Material "íNo se la dejéis a la serpiente...!"
300 ## - DESCRIPCIÓN FÍSICA
Extensión Vol.49, núm.210 (1994), Páginas 24-27
650 14 - ASIENTO SECUNDARIO DE MATERIA - TERMINO TEMÁTICO
Término temático o nombre geográfico como elemento de entrada BIBLIA-CAÍDA
773 0# - HOST ITEM ENTRY
Title La Biblia en las Américas
942 ## - TIPO DE MATERIAL (KOHA)
Tipo de Item KOHA Artículos de Revista
Existencias
Estado de Material Estado de Perdido Estado de Dañado No para Préstamo Colección Biblioteca de Origen Biblioteca Permanente Fecha de Adquisición Total de Préstamos Signatura Topográfica Última vez visto Fecha de Remplazo Tipo de Material
        Colección de Hemeroteca Biblioteca FUSBC Biblioteca FUSBC 26/01/2016   26/01/2016 26/01/2016 Artículos de Revista

Biblioteca FUSBC | Teléfono: (57+4) 349 88 10 Ext. 141| WhatsApp (+57) 3005338115 
E-mail: biblioteca@unisbc.edu.co | Calle 76 87-14 Robledo Palenque, Medellín, Colombia

Con tecnología Koha